Mere sapno ka bharat (Record no. 7747)

MARC details
000 -LEADER
fixed length control field 00457nam a2200169Ia 4500
008 - FIXED-LENGTH DATA ELEMENTS--GENERAL INFORMATION
fixed length control field 230917s9999||||xx |||||||||||||| ||und||
020 ## - ISBN
Price RS 600.00
040 ## - CATALOGING SOURCE
-- 5009674
Original cataloging agency VIVEKANANDA LIBRARY
041 ## - Language
-- English
082 ## - DDC NUMBER
Classification number 320.50954 G151M
100 ## - MAIN ENTRY--PERSONAL NAME
Personal name Gandhi, Mohandas Karamchand
245 #0 - TITLE STATEMENT
Title Mere sapno ka bharat
260 ## - PUBLICATION, DISTRIBUTION, ETC. (IMPRINT)
Place of publication, distribution, etc New Delhi
Name of publisher, distributor, etc Prakashan Sansthan
Date of publication, distribution, etc 2022
300 ## - PHYSICAL DESCRIPTION
Pages 263 p.
500 ## - GENERAL NOTE
General note 4898 23/12/2022 PS23/269 05/01/2023 Main Budget
942 ## - ADDED ENTRY ELEMENTS (KOHA)
Koha item type Books
Holdings
Withdrawn status Lost status Damaged status Not for loan Location (home branch) Sublocation or collection (holding branch) Date acquired Koha issues (times borrowed) Koha full call number Accession No. Koha date last seen Koha item type
        VIVEKANANDA LIBRARY VIVEKANANDA LIBRARY 14/02/2023   320.50954 G151M 402767 17/09/2023 Books
© Designed and Maintained by Vivekananda Library, MDU Rohtak